[Event "Open de la Loire 2015-2016"]
[Site "LOIRE"]
[Date "2016.02.06"]
[Round "6.3"]
[White "Piguet, Francois"]
[Black "Acikgoz, Tuncay"]
[Result "0-1"]
[WhiteElo "1460"]
[BlackElo "1617"]
[PlyCount "162"]

1. e4 c6 2. d4 d5 3. exd5 cxd5 4. c4 g6 5. c5 Bg7 6. Be2 Nc6 7. Nf3 Bg4 8.
 Nbd2 Qa5 9. O-O Nf6 10. Nb3 Qc7 11. h3 Bxf3 12. Bxf3 O-O 13. Re1 e6 14. 
Bg5 a5 15. a4 b6 16. Rc1 Nd7 17. cxb6 Qxb6 18. Be3 Rfb8 19. Re2 Ne7 20. 
Nc5 Nxc5 21. Rxc5 Nf5 22. Rec2 Qb3 23. Rc8+ Bf8 24. Rxb8 Rxb8 25. Qc1 Nxe3
26. fxe3 Qxa4 27. Bd1 Qb3 28. Rf2 Qd3 29. Bc2 Qc4 30. Qb1 Ba3 31. Bd3 Qb3 
32. bxa3 Qxb1+ 33. Bxb1 Rxb1+ 34. Rf1 Rxf1+ 35. Kxf1 Kf8 36. Ke2 Ke7 37. 
Kd3 Kd6 38. a4 f6 39. g3 f5 40. Ke2 Ke7 41. Kf3 Kf6 42. h4 h5 43. Kf4 g5+ 
44. hxg5+ Kg6 45. Ke5 Kxg5 46. Kxe6 Kg4 47. Kxd5 Kxg3 48. Ke6 h4 49. d5 h3
50. d6 h2 51. d7 h1=Q 52. d8=Q Qe4+ 53. Kf7 Qxa4 54. Qc7+ Kf3 55. Qe5 Qd7+
56. Kg6 a4 57. Qf4+ Ke2 58. Qc4+ Kxe3 59. Qc3+ Qd3 60. Qe5+ Qe4 61. Qc3+ 
Kf4 62. Qc7+ Kg4 63. Kf6 Qd4+ 64. Ke6 a3 65. Qa5 Qc4+ 66. Kf6 a2 67. Qxf5+
Kg3 68. Qg5+ Kf3 69. Qh5+ Ke3 70. Qh3+ Kd2 71. Qg2+ Kc3 72. Qf3+ Kb2 73. 
Qg2+ Kb3 74. Qb7+ Qb4 75. Qd5+ Kb2 76. Qg2+ Kb3 77. Qd5+ Qc4 78. Qb7+ Kc3 
79. Qf3+ Kb4 80. Qb7+ Ka5 81. Qb2 Qf1+ 0-1

[Event "Open de la Loire 2015-2016"]
[Site "LOIRE"]
[Date "2016.02.06"]
[Round "6.4"]
[White "Vier, Serge"]
[Black "Desassis, Jean-Francois"]
[Result "0-1"]
[WhiteElo "1650"]
[BlackElo "1502"]
[PlyCount "65"]

1. d4 c5 2. d5 e6 3. c4 exd5 4. cxd5 d6 5. Nc3 g6 6. e4 Bg7 7. Qc2 f5 8. 
Bb5+ Kf7 9. Nf3 Nf6 10. e5 Ne4 11. e6+ Ke7 12. Nxe4 fxe4 13. Qxe4 Qa5+ 14.
 Bd2 Qxb5 15. Ng5 Qxb2 16. Rb1 Qe5 17. Qxe5 dxe5 18. O-O Rd8 19. Rfd1 b6 
20. Be3 Bb7 21. Nxh7 Rxd5 22. Rdc1 Kxe6 23. Ng5+ Ke7 24. Ne4 Nd7 25. Nc3 
Rd3 26. Nb5 a6 27. Nc3 b5 28. Ne2 e4 29. a4 Bc6 30. axb5 axb5 31. Nc3 Rb8 
32. Kf1 b4 33. Ne2 0-1

[Event "Open de la Loire 2015-2016"]
[Site "LOIRE"]
[Date "2016.02.06"]
[Round "6.5"]
[White "Boeuf, Jeremy"]
[Black "Barrandon, Georges"]
[Result "1-0"]
[WhiteElo "1583"]
[BlackElo "1410"]
[PlyCount "61"]

1. f4 d5 2. Nf3 Nf6 3. e3 e6 4. Be2 Be7 5. O-O O-O 6. d3 b6 7. Nc3 Bb7 8. 
d4 c5 9. Ne5 cxd4 10. exd4 Nc6 11. Be3 Rc8 12. Qe1 Nb4 13. Bd3 Nxd3 14. 
Nxd3 Ba6 15. Rf3 Bxd3 16. cxd3 a6 17. f5 Rc6 18. Qg3 Qd6 19. Bf4 Qd7 20. 
Bh6 Ne8 21. f6 Bd6 22. Qg4 g6 23. Bxf8 Bxf8 24. Rh3 Nd6 25. Qh4 h6 26. Qf4
Kh7 27. Rf1 Nf5 28. g4 Nd6 29. Rff3 Ne8 30. Rxh6+ Bxh6 31. Rh3 1-0

[Event "Open de la Loire 2015-2016"]
[Site "LOIRE"]
[Date "2016.02.06"]
[Round "6.6"]
[White "Lempereur, Theo"]
[Black "Zaouak, Fahim"]
[Result "0-1"]
[WhiteElo "1486"]
[BlackElo "1399"]
[PlyCount "44"]

1. e4 e5 2. Nf3 Nc6 3. Nc3 a6 4. Bc4 Bc5 5. d3 d6 6. O-O Bg4 7. h3 h5 8. 
hxg4 hxg4 9. Ng5 Nh6 10. g3 Qd7 11. Kg2 O-O-O 12. f3 Nd4 13. Be3 Nxc2 14. 
Bxc5 Nxa1 15. Be3 gxf3+ 16. Rxf3 Ng4 17. Bg1 Nf6 18. Nxf7 Qh3+ 19. Kf2 
Ng4+ 20. Ke2 Qg2+ 21. Bf2 Rh1 22. Qd2 Qf1# 0-1

[Event "Open de la Loire 2015-2016"]
[Site "LOIRE"]
[Date "2016.02.06"]
[Round "6.7"]
[White "Schuhmann, Alain"]
[Black "Liogier, Pascal"]
[Result "1/2-1/2"]
[WhiteElo "1570"]
[BlackElo "1480"]
[PlyCount "104"]

1. e4 c6 2. f4 d5 3. exd5 cxd5 4. Nf3 Nc6 5. d4 Nf6 6. Bb5 Ne4 7. O-O Bf5 
8. Ne5 Qb6 9. Bxc6+ bxc6 10. Nc3 f6 11. Nf3 e6 12. Ne2 Nd6 13. Re1 Be7 14.
 Ng3 Bg4 15. c3 Kf7 16. Ng5+ fxg5 17. Qxg4 Ne4 18. Nxe4 dxe4 19. Rxe4 c5 
20. fxg5 cxd4 21. cxd4 Rhf8 22. Qh5+ Kg8 23. Rh4 h6 24. b3 Rf5 25. Be3 
Raf8 26. Qe2 Bxg5 27. Bxg5 Rxg5 28. Re4 Rgf5 29. Re1 R5f6 30. Qc4 Re8 31. 
Rf1 Ref8 32. Ree1 Kh8 33. Rxf6 Rxf6 34. Rf1 e5 35. Rd1 e4 36. h3 e3 37. 
Qe2 Rf2 38. Qxe3 Rxa2 39. Rd3 Qg6 40. Rd2 Qb1+ 41. Kh2 Rxd2 42. Qxd2 Qxb3 
43. d5 Qb8+ 44. g3 Kg8 45. d6 Kf7 46. Qd5+ Kf6 47. Qd4+ Ke6 48. d7 Qd8 49.
 Qxa7 Qxd7 50. Qxd7+ Kxd7 51. Kg2 Ke6 52. Kf3 Kf5 1/2-1/2

[Event "Open de la Loire 2015-2016"]
[Site "LOIRE"]
[Date "2016.02.06"]
[Round "6.8"]
[White "Martin, Julien"]
[Black "Bouchut, Leo"]
[Result "1-0"]
[WhiteElo "1529"]
[BlackElo "1394"]
[PlyCount "73"]

1. e4 e5 2. Nf3 Nc6 3. Nc3 Nf6 4. d4 exd4 5. Nxd4 Nxd4 6. Qxd4 Bd6 7. Be2 
Qe7 8. Nd5 Qe5 9. Nxf6+ Qxf6 10. Qxf6 gxf6 11. O-O Be5 12. c3 d6 13. f4 
Bxc3 14. bxc3 Rg8 15. Bc4 Bh3 16. Rf2 Rg7 17. g3 O-O-O 18. Bf1 Be6 19. Bg2
f5 20. exf5 Bxf5 21. Bb2 Bd3 22. Re1 Bc4 23. Bd5 Bxd5 24. c4 Rgg8 25. cxd5
Rge8 26. Rfe2 Rf8 27. Bf6 Rde8 28. Rxe8+ Rxe8 29. Rxe8+ Kd7 30. Re7+ Kd8 
31. Rxf7+ Kc8 32. Rxh7 b6 33. g4 Kb7 34. g5 Ka6 35. g6 Kb5 36. g7 Kc4 37. 
g8=Q 1-0

[Event "Open de la Loire 2015-2016"]
[Site "LOIRE"]
[Date "2016.02.06"]
[Round "6.9"]
[White "Mialon, Franck"]
[Black "Trottet, Francois"]
[Result "0-1"]
[WhiteElo "1340"]
[BlackElo "1440"]
[PlyCount "45"]

1. e4 c5 2. d4 cxd4 3. c3 Nc6 4. Bc4 Nf6 5. Qe2 e5 6. Nf3 Bc5 7. O-O a6 8.
 cxd4 Nxd4 9. Nxd4 Bxd4 10. Nc3 b5 11. Bb3 Bb7 12. Nd5 O-O 13. Bg5 Bxd5 
14. Bxd5 Rb8 15. Kh1 Qb6 16. f4 Nxd5 17. exd5 Rfe8 18. f5 f6 19. Bh4 e4 
20. Qg4 Bxb2 21. Rab1 Bd4 22. Rb3 e3 23. Re1 0-1

[Event "Open de la Loire 2015-2016"]
[Site "LOIRE"]
[Date "2016.02.06"]
[Round "6.10"]
[White "Hong, Shawn"]
[Black "Libiszewski, Christian"]
[Result "1/2-1/2"]
[WhiteElo "1335"]
[BlackElo "1399"]
[PlyCount "88"]

1. e4 e6 2. d4 d5 3. e5 c5 4. c3 Nc6 5. Nf3 Qb6 6. Be2 Nh6 7. b3 cxd4 8. 
cxd4 Nf5 9. Bb2 Bb4+ 10. Nc3 Nfxd4 11. O-O Nxf3+ 12. Bxf3 Nxe5 13. Na4 Qd8
14. Bxe5 O-O 15. Qd4 f6 16. Qxb4 fxe5 17. Rad1 e4 18. Bxe4 Qh4 19. g3 Qxe4
20. Qxe4 dxe4 21. Nc5 b6 22. Nxe4 Bb7 23. Rd4 Bxe4 24. Rxe4 Kf7 25. Rd1 
Rad8 26. Red4 Ke7 27. Kf1 Rxd4 28. Rxd4 Rd8 29. Rxd8 Kxd8 30. Ke2 Kd7 31. 
Kd3 Kc6 32. Kc4 a6 33. a4 Kd6 34. f4 Kc6 35. g4 g6 36. b4 Kd6 37. Kd4 h6 
38. h4 Ke7 39. Ke5 h5 40. g5 b5 41. axb5 axb5 42. Kd4 Kd6 43. Ke4 Kd7 44. 
Ke5 Ke7 1/2-1/2

[Event "Open de la Loire 2015-2016"]
[Site "LOIRE"]
[Date "2016.02.06"]
[Round "6.11"]
[White "Daillere, Roland"]
[Black "Choquelle, Jean"]
[Result "1-0"]
[WhiteElo "1350"]
[BlackElo "1190"]
[PlyCount "81"]

1. d4 d5 2. Bf4 Nc6 3. h3 Nf6 4. Nf3 e6 5. e3 Ne4 6. Nbd2 Be7 7. Bb5 Bd7 
8. Ne5 O-O 9. O-O Bh4 10. Nxe4 dxe4 11. Qg4 Nxe5 12. Bxe5 g6 13. Bxd7 Be7 
14. Bb5 c6 15. Ba4 f5 16. Qe2 Rc8 17. Bb3 Qd7 18. Rad1 b5 19. c4 b4 20. c5
Rb8 21. Qc4 Qd5 22. Qxd5 cxd5 23. Bxb8 Rxb8 24. f3 Bf6 25. fxe4 Bg5 26. 
Rde1 fxe4 27. Ba4 Kg7 28. Bd7 Rf8 29. Rxf8 Kxf8 30. Bxe6 Kg7 31. Bxd5 Bh4 
32. Rf1 Bf6 33. Bxe4 Bg5 34. Kf2 h5 35. Ke2 Be7 36. c6 Bd6 37. Rc1 Bc7 38.
 d5 Kf6 39. Rf1+ Kg5 40. Rf7 Be5 41. c7 1-0

[Event "Open de la Loire 2015-2016"]
[Site "LOIRE"]
[Date "2016.02.06"]
[Round "6.12"]
[White "Ben Habchi, Nordine"]
[Black "Bournez, Gerard"]
[Result "0-1"]
[WhiteElo "1272"]
[BlackElo "1320"]
[PlyCount "147"]

1. e4 e5 2. Nf3 Nc6 3. Bb5 Nge7 4. O-O d6 5. d3 Bd7 6. Be3 Ng6 7. Bc4 Be7 
8. a3 O-O 9. Nc3 Be6 10. Bb3 Bxb3 11. cxb3 f5 12. Nd2 f4 13. Nd5 fxe3 14. 
fxe3 Bf6 15. Rc1 Nge7 16. Qe2 Nxd5 17. exd5 Ne7 18. e4 c5 19. Nf3 Ng6 20. 
g3 Qb6 21. Nd2 c4+ 22. Kg2 cxb3 23. Nc4 Qd8 24. Ne3 Bg5 25. Rc3 Bxe3 26. 
Qxe3 Rxf1 27. Kxf1 Qb6 28. Qc1 Rf8+ 29. Kg2 Qf2+ 30. Kh3 Qf1+ 31. Kg4 Qxc1
32. Rxc1 Rf7 33. Rc3 h6 34. Rxb3 Kh7 35. Rc3 Nf8 36. b4 g6 37. a4 h5+ 38. 
Kh3 Kh6 39. Rc8 Nh7 40. Kg2 Kg5 41. h4+ Kh6 42. a5 Rd7 43. b5 Nf6 44. a6 
bxa6 45. bxa6 g5 46. Rb8 gxh4 47. Rb7 hxg3 48. Kxg3 Kg5 49. Kh3 Kf4 50. 
Kh4 Ke3 51. Rb3 Kd4 52. Kg5 Ne8 53. Rb7 Nc7 54. Rb3 Nxa6 55. Kxh5 Nc5 56. 
Ra3 Nxd3 57. Kg6 Kxe4 58. Ra1 Kxd5 59. Kf5 Rf7+ 60. Kg6 Rc7 61. Ra3 e4 62.
 Ra5+ Kd4 63. Kf6 e3 64. Ke6 Rc5 65. Rxa7 d5 66. Ra4+ Rc4 67. Ra1 e2 68. 
Kd6 e1=Q 69. Rxe1 Nxe1 70. Ke6 Nd3 71. Kf5 Ke3 72. Ke6 d4 73. Kd5 Rc8 74. 
Kd6 0-1

[Event "Open de la Loire 2015-2016"]
[Site "LOIRE"]
[Date "2016.02.06"]
[Round "6.13"]
[White "Jan, Alexandre"]
[Black "Brachet, Gerard"]
[Result "0-1"]
[WhiteElo "1180"]
[BlackElo "1290"]
[PlyCount "80"]

1. e4 e5 2. Nf3 Nf6 3. Nxe5 Nxe4 4. Qe2 d5 5. d3 Nf6 6. Nc6+ Qe7 7. Nxe7 
Bxe7 8. Bg5 Be6 9. Bxf6 Bxf6 10. c3 O-O 11. Qf3 Nd7 12. Be2 c6 13. O-O 
Rae8 14. Re1 b5 15. d4 a6 16. Bd3 c5 17. Qh5 g6 18. Qf3 Bg4 19. Qxg4 Rxe1+
20. Bf1 Rd8 21. Qf4 Kg7 22. Qd2 Rde8 23. dxc5 Nxc5 24. Qxd5 Ne4 25. Qd3 
Rd8 26. Qc2 Rdd1 27. h3 Rxf1+ 28. Kh2 Be5+ 29. g3 Rxf2+ 30. Qxf2 Nxf2 31. 
a4 Nd3 32. h4 Nxb2 33. Ra2 Rxb1 34. axb5 axb5 35. Ra5 Nd3 36. c4 bxc4 37. 
Ra2 Rb2+ 38. Rxb2 Nxb2 39. Kh3 c3 40. Kh2 c2 0-1

[Event "Open de la Loire 2015-2016"]
[Site "LOIRE"]
[Date "2016.02.06"]
[Round "6.14"]
[White "Gloaguen, Loic"]
[Black "Raffin, Philippe"]
[Result "1-0"]
[WhiteElo "1299"]
[BlackElo "1020"]
[PlyCount "57"]

1. e4 e5 2. Nf3 Nc6 3. Bb5 Nf6 4. O-O Nxe4 5. Re1 Nd6 6. Bxc6 dxc6 7. Nxe5
Qg5 8. Nf3+ Qe7 9. Rxe7+ Bxe7 10. d3 O-O 11. b3 Bg4 12. Bb2 Nf5 13. Nbd2 
Rae8 14. h3 Bh5 15. g4 Bg6 16. gxf5 Bxf5 17. Qf1 Bd6 18. Re1 Bf4 19. Rxe8 
Rxe8 20. Bc3 h6 21. Qg2 Re1+ 22. Nxe1 g5 23. Nef3 b5 24. Be5 Bxd2 25. Nxd2
Kf8 26. Qxc6 Ke7 27. Qf6+ Kd7 28. Qxf5+ Kc6 29. Bd4 1-0

[Event "Open de la Loire 2015-2016"]
[Site "?"]
[Date "2016.04.30"]
[Round "7.1"]
[White "Guichard, Thomas"]
[Black "Zaouak, Fahim"]
[Result "1-0"]
[WhiteElo "1710"]
[BlackElo "1399"]
[EventDate "2016.??.??"]
[PlyCount "65"]

1. e4 e5 2. Nf3 Nc6 3. Bb5 a6 4. Bxc6 dxc6 5. h3 Bd6 6. O-O Ne7 7. d3 h6 
8. Nbd2 Be6 9. b3 Ng6 10. Bb2 Qd7 11. a4 Bxh3 12. gxh3 Qxh3 13. Nh2 h5 14.
 Qf3 Qe6 15. Qf5 Qe7 16. Ndf3 Rh6 17. Kh1 f6 18. Rg1 Nf4 19. Nh4 g5 20. 
Rae1 Qf7 21. N4f3 Ne6 22. d4 Ng7 23. Nxg5 fxg5 24. Qxg5 Rh7 25. dxe5 Ne6 
26. Qg8+ Qxg8 27. Rxg8+ Bf8 28. Ba3 O-O-O 29. Bxf8 Nxf8 30. Reg1 Ne6 31. 
Nf3 c5 32. Ng5 Kd7 33. Nxh7 1-0

[Event "Open de la Loire 2015-2016"]
[Site "?"]
[Date "2016.04.30"]
[Round "7.2"]
[White "Acikgoz, Tuncay"]
[Black "Minchilli, Franco"]
[Result "0-1"]
[WhiteElo "1659"]
[BlackElo "1610"]
[EventDate "2016.??.??"]
[PlyCount "80"]

1. d4 Nf6 2. c4 c6 3. Nc3 e6 4. e4 d5 5. e5 Nfd7 6. Bd3 dxc4 7. Bxc4 Nb6 
8. Bb3 Bb4 9. Ne2 Nd5 10. O-O Nd7 11. a3 Be7 12. f4 O-O 13. f5 Nxc3 14. 
Nxc3 exf5 15. Rxf5 Nc5 16. Rf4 Nxb3 17. Qxb3 Bg5 18. Ne2 Be6 19. Qg3 Bxf4 
20. Bxf4 Kh8 21. Bg5 Qb6 22. b4 Bc4 23. Re1 Bxe2 24. Rxe2 Qxd4+ 25. Kf1 f6
26. exf6 gxf6 27. Bh6 Rg8 28. Qc7 Qd1+ 29. Re1 Qd3+ 30. Kf2 Qg6 31. Qf4 
Qxg2+ 32. Ke3 Rae8+ 33. Kd3 Qg6+ 34. Kd2 Rxe1 35. Kxe1 Qb1+ 36. Kd2 Qb2+ 
37. Kd3 Qxa3+ 38. Kc4 Qa2+ 39. Kc5 Qc2+ 40. Kd6 Qg6 0-1

[Event "Open de la Loire 2015-2016"]
[Site "?"]
[Date "2016.04.30"]
[Round "7.3"]
[White "Desassis, Jean-François"]
[Black "Boeuf, Jérémy"]
[Result "1-0"]
[WhiteElo "1506"]
[BlackElo "1572"]
[EventDate "2016.??.??"]
[PlyCount "54"]

1. c4 Nf6 2. d4 e6 3. g3 b6 4. Bg2 d5 5. Nc3 Bb7 6. Bf4 Na6 7. Qa4+ Qd7 8.
 Qxd7+ Kxd7 9. a3 Rb8 10. Nf3 Bd6 11. Bxd6 cxd6 12. cxd5 Nxd5 13. O-O Nxc3
14. bxc3 Bxf3 15. Bxf3 d5 16. e4 Nc7 17. a4 Rbc8 18. Rfc1 a6 19. exd5 exd5
20. Re1 Kd6 21. Re3 Rhe8 22. Rb1 Rxe3 23. fxe3 b5 24. Be2 Kc6 25. Bd3 h6 
26. e4 dxe4 27. Bxe4+ Nd5 1-0

[Event "Open de la Loire 2015-2016"]
[Site "?"]
[Date "2016.04.30"]
[Round "7.4"]
[White "Piguet, François"]
[Black "Boeuf, Jean-julien"]
[Result "1-0"]
[WhiteElo "1460"]
[BlackElo "1511"]
[EventDate "2016.??.??"]
[PlyCount "71"]

1. e4 Nf6 2. e5 Nd5 3. d4 d6 4. c4 Nb6 5. exd6 cxd6 6. d5 g6 7. Be3 Bg7 8.
 Bd4 O-O 9. Bxg7 Kxg7 10. Be2 Bf5 11. Nc3 Na6 12. Nf3 Bg4 13. Qd4+ Kg8 14.
 Qxg4 Rc8 15. h4 h5 16. Qf4 e5 17. dxe6 fxe6 18. Qe4 Qf6 19. O-O Nc5 20. 
Qe3 e5 21. Rad1 Rfe8 22. b4 Ne6 23. Ne4 Qf4 24. Nxd6 Qxe3 25. fxe3 Na4 26.
 Nxe8 Rxe8 27. Nxe5 Nc3 28. Rd2 Ne4 29. Rd7 Ng3 30. Rf2 a5 31. c5 Nxe2+ 
32. Rxe2 axb4 33. c6 Nc5 34. Rd5 b6 35. c7 Na6 36. Rd8 1-0

[Event "Open de la Loire 2015-2016"]
[Site "?"]
[Date "2016.04.30"]
[Round "7.5"]
[White "Liogier, Pascal"]
[Black "Vier, Serge"]
[Result "0-1"]
[WhiteElo "1282"]
[BlackElo "1622"]
[EventDate "2016.??.??"]
[PlyCount "80"]

1. d4 d5 2. Nc3 Nf6 3. Bg5 e6 4. f3 Be7 5. e4 dxe4 6. Bxf6 Bxf6 7. Nxe4 
Qxd4 8. Qxd4 Bxd4 9. O-O-O Bb6 10. Bb5+ c6 11. Nd6+ Ke7 12. Nxc8+ Rxc8 13.
 Ba4 Nd7 14. c3 Nf6 15. Ne2 Nd5 16. Nd4 Rd8 17. Rhe1 Kf8 18. Bc2 h6 19. g3
Nf6 20. h4 Bc7 21. Rg1 Nh5 22. g4 Nf4 23. h5 e5 24. Nxc6 bxc6 25. Rxd8+ 
Rxd8 26. Rd1 Ke7 27. Rxd8 Bxd8 28. Be4 c5 29. Kd2 Kd6 30. c4 Bg5 31. Kc3 
Ne2+ 32. Kb3 Kc7 33. a4 Kb6 34. Bd5 Nd4+ 35. Kc3 f6 36. b4 cxb4+ 37. Kxb4 
Bd2+ 38. Ka3 Ka5 39. Kb2 Kxa4 40. c5 Kb5 0-1

[Event "Open de la Loire 2015-2016"]
[Site "?"]
[Date "2016.04.30"]
[Round "7.6"]
[White "Joly, Christian"]
[Black "Martin, Julien"]
[Result "1-0"]
[WhiteElo "1590"]
[BlackElo "1520"]
[EventDate "2016.??.??"]
[PlyCount "79"]

1. e4 e5 2. Nf3 d6 3. Bc4 Be7 4. d4 Nc6 5. dxe5 Nxe5 6. Nxe5 dxe5 7. O-O 
Qxd1 8. Rxd1 Nf6 9. Nc3 c6 10. a3 O-O 11. Bg5 Re8 12. b4 b5 13. Bb3 Bb7 
14. f3 Nh5 15. Bxe7 Rxe7 16. Rd2 Nf4 17. Rad1 Rf8 18. Rd7 Rxd7 19. Rxd7 
Bc8 20. Rxa7 Be6 21. Bxe6 Nxe6 22. Ne2 g6 23. a4 bxa4 24. Rxa4 Rd8 25. c4 
Rd1+ 26. Kf2 Rd2 27. Ke3 Rd8 28. b5 Nc5 29. Ra3 cxb5 30. cxb5 Rb8 31. Nc3 
Rd8 32. Nd5 Nb7 33. Ra7 Nd6 34. b6 Kg7 35. Kd3 Rb8 36. Rd7 Nb7 37. Kc4 
Na5+ 38. Kb5 Nb3 39. b7 h6 40. Kb6 1-0

[Event "Open de la Loire 2015-2016"]
[Site "?"]
[Date "2016.04.30"]
[Round "7.7"]
[White "Trottet, François"]
[Black "Schuhmann, Alain"]
[Result "1-0"]
[WhiteElo "1440"]
[BlackElo "1570"]
[EventDate "2016.??.??"]
[PlyCount "73"]

1. e4 c5 2. Nf3 Nc6 3. b3 e5 4. Bb2 d6 5. c3 Nf6 6. Qc2 Be7 7. d4 a6 8. 
Nbd2 O-O 9. dxe5 Nxe5 10. Nxe5 dxe5 11. O-O-O Qc7 12. Nf3 Bg4 13. h3 Bxf3 
14. gxf3 Nd7 15. h4 Rae8 16. h5 Bg5+ 17. Kb1 Bh6 18. c4 Qb6 19. Bc1 a5 20.
 Bh3 Nb8 21. Rd5 Bxc1 22. Qxc1 Nc6 23. f4 a4 24. fxe5 Rxe5 25. Bd7 Rxd5 
26. cxd5 Ne5 27. Qc3 axb3 28. Qxe5 bxa2+ 29. Ka1 c4 30. Rg1 f6 31. Qe6+ 
Qxe6 32. Bxe6+ Kh8 33. Kxa2 b5 34. Rb1 Rb8 35. d6 c3 36. Kb3 b4 37. d7 1-0

[Event "Open de la Loire 2015-2016"]
[Site "?"]
[Date "2016.04.30"]
[Round "7.8"]
[White "Bournez, Gérard"]
[Black "Lempereur, Theo"]
[Result "1/2-1/2"]
[WhiteElo "1320"]
[BlackElo "1469"]
[EventDate "2016.??.??"]
[PlyCount "84"]

1. e4 e5 2. Nc3 Nf6 3. Nf3 Nc6 4. d4 Bb4 5. Qd3 exd4 6. Nxd4 Nxd4 7. Qxd4 
Qe7 8. f3 c5 9. Qd3 d5 10. Bd2 Bxc3 11. Bxc3 dxe4 12. Qb5+ Kf8 13. O-O-O 
exf3 14. Bxf6 gxf6 15. g3 b6 16. h4 Bb7 17. Bh3 Rd8 18. Rxd8+ Qxd8 19. Qd7
Qxd7 20. Bxd7 Rg8 21. g4 Ke7 22. Bf5 h6 23. h5 Kd6 24. Rh2 Ke5 25. Kd2 Kf4
26. Rf2 Re8 27. Bd3 Kxg4 28. Be2 Rxe2+ 29. Rxe2 fxe2 30. Kxe2 Kxh5 31. Kf2
Kg4 32. c4 f5 33. a3 f4 34. b4 cxb4 35. axb4 a5 36. bxa5 bxa5 37. c5 a4 
38. c6 Bxc6 39. Kg1 a3 40. Kf2 a2 41. Kg1 a1=Q+ 42. Kh2 Qe1 1/2-1/2

[Event "Open de la Loire 2015-2016"]
[Site "?"]
[Date "2016.04.30"]
[Round "7.9"]
[White "Choquelle, Jean"]
[Black "Mialon, Franck"]
[Result "0-1"]
[WhiteElo "1190"]
[BlackElo "1340"]
[EventDate "2016.??.??"]
[PlyCount "40"]

1. c4 c5 2. Nc3 Nc6 3. e4 e5 4. d3 d6 5. Nf3 Bg4 6. Be2 Qd7 7. Nh4 h5 8. 
f3 Qe7 9. Nd5 Qxh4+ 10. g3 Qd8 11. Nc7+ Kd7 12. Nd5 Be6 13. f4 exf4 14. 
Nxf4 h4 15. Nh5 g6 16. Rf1 gxh5 17. Rf3 Nd4 18. Rf4 Nxe2 19. Qxe2 hxg3 20.
 Qf3 gxh2 0-1

[Event "Open de la Loire 2015-2016"]
[Site "?"]
[Date "2016.04.30"]
[Round "7.10"]
[White "Brachet, Gérard"]
[Black "Gloaguen, Loïc"]
[Result "0-1"]
[WhiteElo "1290"]
[BlackElo "1299"]
[EventDate "2016.??.??"]
[PlyCount "64"]

1. d4 Nf6 2. c4 c6 3. Nf3 d5 4. e3 Nbd7 5. Qb3 Nb6 6. c5 Nc4 7. Bxc4 dxc4 
8. Qxc4 Be6 9. Qd3 b6 10. b4 b5 11. a4 Bc4 12. Qc2 e6 13. Nbd2 Bd5 14. e4 
Bc4 15. Nxc4 bxc4 16. Bg5 Be7 17. Bxf6 Bxf6 18. e5 Be7 19. Qxc4 O-O 20. b5
Qa5+ 21. Kf1 cxb5 22. Qxb5 Qc3 23. Rb1 Rab8 24. Rb3 Qc1+ 25. Ke2 Qc2+ 26. 
Nd2 Rxb5 27. Rxb5 Qxa4 28. Rhb1 Qxd4 29. Rb7 Qxc5 30. Rb8 Qxe5+ 31. Kf1 
Rxb8 32. Rxb8+ Qxb8 0-1

[Event "Open de la Loire 2015-2016"]
[Site "?"]
[Date "2016.04.30"]
[Round "7.11"]
[White "Moreira, Valentin"]
[Black "Jan, Alexandre"]
[Result "1-0"]
[WhiteElo "1196"]
[BlackElo "1180"]
[EventDate "2016.??.??"]
[PlyCount "41"]

1. e4 e5 2. d4 exd4 3. Nf3 Nc6 4. c3 dxc3 5. Nxc3 Bb4 6. Qb3 d6 7. Bc4 Nh6
8. Bxh6 gxh6 9. Bxf7+ Kf8 10. Bd5 Bxc3+ 11. Qxc3 Rg8 12. Bxg8 Kxg8 13. 
Qc4+ d5 14. exd5 Qe7+ 15. Kf1 Qf7 16. Qh4 Qxd5 17. Qxh6 Qb5+ 18. Ke1 Qxb2 
19. Qg5+ Kh8 20. Qc1 Nb4 21. Qxb2+ 1-0

[Event "Open de la Loire 2015-2016"]
[Site "?"]
[Date "2016.04.30"]
[Round "8.1"]
[White "Desassis, Jean-François"]
[Black "Guichard, Thomas"]
[Result "1-0"]
[WhiteElo "1506"]
[BlackElo "1710"]
[EventDate "2016.??.??"]
[PlyCount "63"]

1. c4 c6 2. Nc3 d5 3. e3 Nf6 4. d4 e6 5. Nf3 Nbd7 6. c5 b6 7. b4 a5 8. b5 
cxb5 9. c6 Nb8 10. Bxb5 Qc7 11. Ne5 Bd6 12. Qc2 O-O 13. Bb2 Ba6 14. Qd3 
Bxe5 15. dxe5 Qxe5 16. Rb1 Qc7 17. O-O Ng4 18. g3 Ne5 19. Qe2 Nexc6 20. 
Rfe1 Qb7 21. Qg4 Ne5 22. Qh5 f6 23. Ba4 Bd3 24. Ba3 Rc8 25. Rb2 d4 26. Bb3
Nf3+ 27. Kg2 Nxe1+ 28. Kh3 Bf5+ 29. Qxf5 Qg2+ 30. Kg4 h5+ 31. Kxh5 Qxh2+ 
32. Kg4 1-0

[Event "Open de la Loire 2015-2016"]
[Site "?"]
[Date "2016.04.30"]
[Round "8.2"]
[White "Minchilli, Franco"]
[Black "Piguet, François"]
[Result "1-0"]
[WhiteElo "1610"]
[BlackElo "1460"]
[EventDate "2016.??.??"]
[PlyCount "67"]

1. e4 Nf6 2. e5 Nd5 3. c4 Nb6 4. d4 d6 5. Nf3 g6 6. Nc3 Bg4 7. Bf4 Bg7 8. 
Nd5 O-O 9. Ne3 Bxf3 10. Qxf3 Nc6 11. Rd1 Qc8 12. Be2 dxe5 13. dxe5 Nxe5 
14. Qg3 Nc6 15. Ng4 Bxb2 16. Nh6+ Kh8 17. O-O Bg7 18. h4 e5 19. Bd2 f5 20.
 Bg5 Qe6 21. Qb3 Nd4 22. Qb2 Nxe2+ 23. Qxe2 Nxc4 24. Rd4 Nd6 25. Rc1 Ne4 
26. Rdc4 c6 27. Qb2 Nd6 28. Rb4 e4 29. Qd2 c5 30. Rb3 b6 31. Rcc3 Bxc3 32.
 Qxc3+ Rf6 33. Bxf6+ Qxf6 34. Qxf6# 1-0

[Event "Open de la Loire 2015-2016"]
[Site "?"]
[Date "2016.04.30"]
[Round "8.3"]
[White "Vier, Serge"]
[Black "Acikgoz, Tuncay"]
[Result "0-1"]
[WhiteElo "1622"]
[BlackElo "1659"]
[EventDate "2016.??.??"]
[PlyCount "48"]

1. d4 f5 2. Nf3 Nf6 3. c4 e6 4. Nc3 Bb4 5. a3 Bxc3+ 6. bxc3 Ne4 7. Qc2 O-O
8. d5 Qf6 9. Bb2 b6 10. dxe6 dxe6 11. g3 Bb7 12. Bg2 Nc6 13. O-O Na5 14. 
Nd2 Nxd2 15. Bxb7 Nxf1 16. Bxa8 Nxg3 17. hxg3 Rxa8 18. c5 Nc4 19. Bc1 Rf8 
20. Qd3 Ne5 21. Qd4 Rd8 22. Qf4 Rd1+ 23. Kg2 g5 24. Qe3 Qh6 0-1

[Event "Open de la Loire 2015-2016"]
[Site "?"]
[Date "2016.04.30"]
[Round "8.4"]
[White "Zaouak, Fahim"]
[Black "Joly, Christian"]
[Result "1-0"]
[WhiteElo "1399"]
[BlackElo "1590"]
[EventDate "2016.??.??"]
[PlyCount "69"]

1. d4 Nf6 2. c4 c5 3. d5 b5 4. f3 Bb7 5. e4 bxc4 6. Bxc4 d6 7. Nh3 g6 8. 
O-O Ba6 9. Bxa6 Nxa6 10. Qa4+ Qd7 11. Qxa6 Bg7 12. Bg5 O-O 13. Nc3 Rab8 
14. Qe2 h6 15. Bf4 a5 16. a4 Ne8 17. Qd2 Kh7 18. Ra2 Nc7 19. Nf2 Na6 20. 
Ng4 g5 21. Bg3 Nb4 22. Raa1 Rfe8 23. Nb5 Rbc8 24. Qe2 f5 25. exf5 Qxf5 26.
 Qe4 Qxe4 27. fxe4 Bxb2 28. Rab1 Bg7 29. e5 dxe5 30. Bxe5 Nxd5 31. Rf7 Rg8
32. Nc3 Kg6 33. Rxg7+ Kf5 34. Nxh6+ Kxe5 35. Rxg8 1-0

[Event "Open de la Loire 2015-2016"]
[Site "?"]
[Date "2016.04.30"]
[Round "8.5"]
[White "Boeuf, Jérémy"]
[Black "Boeuf, Jean-Julien"]
[Result "1-0"]
[WhiteElo "1572"]
[BlackElo "1511"]
[EventDate "2016.??.??"]
[PlyCount "47"]

1. Nc3 d5 2. d4 Nf6 3. Bg5 Ne4 4. Nxe4 dxe4 5. e3 c6 6. Bf4 e6 7. c3 Bd6 
8. Qg4 Bxf4 9. Qxf4 f5 10. O-O-O Nd7 11. f3 exf3 12. Nxf3 Qf6 13. Bc4 b5 
14. Bb3 a5 15. Qd6 Bb7 16. Qxe6+ Qxe6 17. Bxe6 g6 18. Bxd7+ Kxd7 19. Ne5+ 
Ke6 20. Rhg1 b4 21. c4 c5 22. b3 a4 23. Nd3 Bc6 24. d5+ 1-0

[Event "Open de la Loire 2015-2016"]
[Site "?"]
[Date "2016.04.30"]
[Round "8.6"]
[White "Lempereur, Theo"]
[Black "Trottet, François"]
[Result "1/2-1/2"]
[WhiteElo "1469"]
[BlackElo "1440"]
[EventDate "2016.??.??"]
[PlyCount "106"]

1. e4 c5 2. c3 Nc6 3. Nf3 d6 4. Bb5 Bd7 5. Qc2 a6 6. Bxc6 Bxc6 7. d4 cxd4 
8. cxd4 Bb5 9. Nc3 Nf6 10. Nxb5 axb5 11. O-O Rc8 12. Qd3 Qb6 13. Bg5 Nd7 
14. Rfd1 g6 15. Rf1 Bg7 16. d5 Bxb2 17. Rab1 Nc5 18. Qe2 Na4 19. Rxb2 Nxb2
20. Qxb2 f6 21. Be3 Qa6 22. h3 O-O 23. Nd4 Rc4 24. Qxb5 Qxa2 25. Qxb7 Kf7 
26. Qd7 Qa5 27. Rb1 Rc7 28. Qe6+ Kg7 29. h4 Qa2 30. Rf1 h5 31. g4 hxg4 32.
 h5 gxh5 33. Nf5+ Kh7 34. Bh6 Qa8 35. Kg2 Qc8 36. Rh1 Kg6 37. Bxf8 Qxf8 
38. Ng3 Qh6 39. Qg8+ Qg7 40. Qxg7+ Kxg7 41. Rxh5 Kg6 42. Rh8 Rc3 43. Rg8+ 
Kf7 44. Rxg4 Rc4 45. Kf3 e5 46. dxe6+ Kxe6 47. Rf4 Rc3+ 48. Kg4 Rc5 49. 
Nh5 Rg5+ 50. Kh4 Ke5 51. f3 Rxh5+ 52. Kg3 Rg5+ 53. Rg4 Rxg4+ 1/2-1/2